000 00918nam a2200241Ia 4500
008 191130s2004##################000#0#eng##
020 _a9780198507499
022 _a2004301676
040 _aACL
_cACL
082 _a577.731 STE
245 _aMarine ecosystems and climate variation : the North Atlantic : a comparative perspective
_cedited by Nils Chr. Stenseth ... [et al.]
260 _aOxford
_bOxford University Press
_c2004
300 _axii, 252 p. : ill. (some col.), maps (some col.) ; 25 cm
500 _aIncludes bibliographical references and index
650 _aClimatic changes - Environmental aspects - North Atlantic Ocean
650 _aMarine animals - Climatic factors
650 _aMudança climática (aspectos ambientais)
650 _aNorth Atlantic Ocean - Climate
700 _aStenseth, Nils Chr
990 _af791d6c3ac10000c71bcbc9300e81e0a
991 _a256147
999 _c3854
_d3854